[Event "TCh-ROM"]
[Site "Sovata ROM"]
[Date "2001.03.22"]
[Round "2"]
[White "Sofronie,I"]
[Black "Florescu,C"]
[Result "1-0"]
[WhiteElo "2399"]
[BlackElo "2332"]

1.e4 c5 2.Nf3 Nc6 3.Bb5 Qb6 4.Nc3 e6 5.O-O Nge7 6.Re1 a6 7.Bf1 d6 8.b3 g6
9.Bb2 e5 10.Nd5 Nxd5 11.exd5 Nd4 12.Nxd4 cxd4 13.c3 dxc3 14.dxc3 Bg7 15.c4 O-O
16.Qd2 a5 17.Rac1 Re8 18.Ba3 Bf8 19.c5 dxc5 20.Qc3 a4 21.Bxc5 Bxc5 22.Qxc5 Qxc5
23.Rxc5 axb3 24.axb3 Bf5 25.Rc7 Red8 26.Rxb7 Rxd5 27.Bc4 Rd7 28.Rxd7 Bxd7
29.h3 Re8 30.b4 Bc6 31.b5 Bb7 32.Ra1 Re7 33.Rd1 Kg7 34.b6 f5 35.Rd6 Kf8 36.h4 Kg7
37.Kf1 Kf8 38.g3 Kg7 39.Ke2 Kf8 40.Kd2 Kg7 41.Kc3 Kh6 42.Kb4 Kh5 43.Be2+ Kh6
44.Kc5 f4 45.Bg4 fxg3 46.fxg3 e4 47.Rd7 Rxd7 48.Bxd7 g5 49.Kd4 gxh4 50.gxh4 Kh5
51.Bf5 h6 52.Bxe4 Ba6 53.Ke5 Kxh4 54.Kd6 Kg3 55.Kc7 h5 56.Bd3 Bxd3 57.b7 h4
58.b8=Q h3 59.Qg8+ Kh2 60.Kd6 Bf1 61.Ke5 Bg2 62.Kf4 Kg1 63.Qg3 h2 64.Qe1+ Bf1
65.Qe3+  1-0

[Event "Korchnoi 70"]
[Site "St Petersburg RUS"]
[Date "2001.03.22"]
[Round "6"]
[White "Rublevsky,S"]
[Black "Sakaev,K"]
[Result "0-1"]
[WhiteElo "2657"]
[BlackElo "2639"]

1.e4 c5 2.Nf3 Nc6 3.Bb5 g6 4.Bxc6 bxc6 5.O-O Bg7 6.Re1 Nh6 7.c3 O-O 8.h3 e5
9.d4 exd4 10.cxd4 cxd4 11.Nxd4 f5 12.Bxh6 Bxh6 13.e5 Qb6 14.Na3 Ba6 15.Qa4 Rae8
16.Rad1 Rf7 17.Nc4 Bxc4 18.Qxc4 Qa5 19.e6 dxe6 20.Rxe6 Rd8 21.Rxc6 Qd5 22.Re1 Qxd4
23.Re8+ Bf8  0-1

[Event "TCh-ROM"]
[Site "Sovata ROM"]
[Date "2001.03.23"]
[Round "3"]
[White "Nanu,C"]
[Black "Grigore,G"]
[Result "1/2-1/2"]
[WhiteElo "2418"]
[BlackElo "2483"]

1.e4 c5 2.Nf3 Nc6 3.Bb5 g6 4.Bxc6 dxc6 5.d3 Bg7 6.h3 Nf6 7.Nc3 Nd7 8.Be3 e5
9.Qd2 h6 10.g4 b6 11.O-O-O Nf8 12.Nh2 Ne6 13.Ne2 Nd4 14.c3 Be6 15.Kb1 Nxe2
16.Qxe2 h5 17.Nf3 hxg4 18.Ng5 Qd7  1/2-1/2

[Event "Tch-NED"]
[Site "NED"]
[Date "2001.03.24"]
[Round "7"]
[White "Okkes,M"]
[Black "Van der Linden,L"]
[Result "1-0"]
[WhiteElo "2275"]
[BlackElo "2230"]

1.e4 c5 2.Nf3 Nc6 3.Bb5 g6 4.O-O Bg7 5.Re1 Nf6 6.e5 Nd5 7.Nc3 Nc7 8.Bxc6 dxc6
9.Ne4 Ne6 10.d3 h6 11.b3 b6 12.Bb2 O-O 13.Ned2 Nd4 14.c3 Nxf3+ 15.Nxf3 Bg4
16.h3 Bxf3 17.Qxf3 Qd5 18.Qe3 Rfd8 19.Rad1 Qe6 20.c4 Rd7 21.f4 Rad8 22.Qf3 Rc7
23.g4 Qc8 24.f5 e6 25.fxg6 fxg6 26.Qe4 Kh7 27.h4 Rg8 28.Rf1 Bf8 29.Bc1 Rcg7
30.Rf3 Be7 31.Kg2 Rf8 32.Rh3 h5 33.gxh5 Rf5 34.h6 Rgf7 35.Be3 Rh5 36.Rf1 Rff5
37.d4 cxd4 38.Rxf5 gxf5 39.Qxd4 Bf8 40.Bg5 Bxh6 41.Bf6 Bg7 42.Rg3 Bf8 43.Qd1 Qe8
44.Rd3 Kg8 45.Kh3 Rh7 46.Qg1+ Kf7 47.Rd8 Rg7 48.Qd1  1-0

[Event "TCh-ROM"]
[Site "Sovata ROM"]
[Date "2001.03.24"]
[Round "4"]
[White "Vasiesiu,D"]
[Black "Moldovan,D"]
[Result "1/2-1/2"]
[WhiteElo "2439"]
[BlackElo "2432"]

1.e4 c5 2.Nf3 Nc6 3.Bb5 g6 4.c3 a6 5.Ba4 Nf6 6.Qe2 Bg7 7.O-O O-O 8.h3 b5
9.Bc2 e5 10.d3 h6 11.a4 Rb8 12.axb5 axb5 13.Be3 d6 14.Qd2 Kh7 15.b4 cxb4
16.cxb4 Nh5 17.d4 Qf6 18.Nc3 Nxb4 19.Bb3 Bxh3 20.Ng5+ Kg8 21.Nxf7 Be6 22.Bxe6 Qxe6
23.Nxh6+ Kh7 24.d5 Qc8 25.Ra7 Nf4 26.Bxf4 exf4 27.Qd4 Rb7 28.Rxb7 Qxb7 29.Qxb4 Bxc3
30.Qxc3 Kxh6 31.Rb1 Qe7 32.Qd4 Rc8 33.Rb3 Rc4 34.Qh8+ Kg5 35.Rh3 Qxe4 36.Qd8+ Kf5
37.Qxd6 Qe5 38.Qd7+ Ke4 39.Qxb5 Rc1+ 40.Kh2 Qa1 41.Qe2+ Kf5 42.Qe6+  1/2-1/2

[Event "Open"]
[Site "Bled SLO"]
[Date "2001.03.25"]
[Round "2"]
[White "Mazi,L"]
[Black "Kukovec,B"]
[Result "1-0"]
[WhiteElo "2397"]
[BlackElo "2083"]

1.e4 c5 2.Nf3 Nc6 3.Bb5 g6 4.O-O Bg7 5.Re1 e5 6.a4 Nge7 7.c3 a6 8.Bf1 O-O
9.Na3 d5 10.exd5 Nxd5 11.Nc4 Re8 12.d3 b6 13.Ng5 h6 14.Ne4 Be6 15.g3 f5 16.Ned2 Rb8
17.Nb3 Qc7 18.a5 b5 19.Nxc5 Bc8 20.Ne3 Nxe3 21.Bxe3 Nxa5 22.b4 Nc6 23.Nxa6 Bxa6
24.Rxa6 f4 25.Bc5 Qc8 26.Qb3+ Kh7 27.Rea1 e4 28.Qd5 Ne5 29.Qxe4 Qg4 30.Be2 Qf5
31.Qxf5 gxf5 32.Bh5 fxg3 33.hxg3 Red8 34.d4 Nd3 35.Be7 Rd7 36.Bg6+ Kh8 37.Ra8  1-0

[Event "54th ch-YUG Women"]
[Site "Herceg Novi YUG"]
[Date "2001.03.25"]
[Round "3"]
[White "Kalevic,S"]
[Black "Stankovic,Ma"]
[Result "0-1"]
[WhiteElo "2274"]
[BlackElo "2225"]

1.e4 c5 2.Nf3 Nc6 3.Bb5 d6 4.Bxc6+ bxc6 5.O-O e5 6.c3 f5 7.Qa4 Qb6 8.exf5 Bxf5
9.d4 cxd4 10.cxd4 e4 11.Re1 Be7 12.Nfd2 d5 13.Nc3 Nf6 14.f3 Bb4 15.Nxd5 Nxd5
16.fxe4 O-O 17.exd5 Qxd4+ 18.Kh1 Bh3 19.gxh3 Qxd5+ 20.Re4 Rf1+ 21.Kg2 Rxc1
22.Qxb4 Rxa1 23.Nf3 Rf8 24.a3 Rc1 25.Kg3 c5 26.Qa4 Rf1  0-1

[Event "TCh-ROM"]
[Site "Sovata ROM"]
[Date "2001.03.25"]
[Round "5"]
[White "Sheremetieva,M"]
[Black "Cosma,E"]
[Result "0-1"]
[WhiteElo "2330"]
[BlackElo "2343"]

1.e4 c5 2.Nf3 Nc6 3.Bb5 g6 4.Bxc6 dxc6 5.h3 e5 6.d3 f6 7.Be3 Nh6 8.a4 Nf7
9.a5 Be6 10.Nbd2 Be7 11.b3 Qc7 12.Nc4 f5 13.exf5 gxf5 14.Qe2 Rg8 15.Rg1 O-O-O
16.b4 Bxc4 17.dxc4 e4 18.Nd2 f4 19.Bxc5 f3 20.Qf1 Bxc5 21.bxc5 Qe5 22.O-O-O Rxd2
23.Kxd2 Rd8+ 24.Ke3 Qg5+ 25.Kxe4 Qe5+ 26.Kxf3 Ng5+ 27.Kg4 h5+ 28.Kh4 Qf4+
29.g4 Nf3+  0-1

[Event "Open"]
[Site "Bled SLO"]
[Date "2001.03.26"]
[Round "3"]
[White "Philipowski,R"]
[Black "Lenic,L"]
[Result "1-0"]
[WhiteElo "2255"]
[BlackElo "2098"]

1.e4 c5 2.Nf3 Nc6 3.Bb5 g6 4.O-O Bg7 5.Nc3 d6 6.e5 d5 7.d4 Bg4 8.dxc5 e6
9.Re1 Ne7 10.Bg5 O-O 11.Bxc6 bxc6 12.h3 Bxf3 13.Qxf3 Qc7 14.Bf6 Rab8 15.b3 Rfe8
16.g4 Qa5 17.Na4 Qd2 18.Re2 Qh6 19.h4 Rb4 20.Bg5  1-0

[Event "ch-UKR Women"]
[Site "Kramatorsk UKR"]
[Date "2001.03.27"]
[Round "2"]
[White "Kalinina,V"]
[Black "Zozulia,A"]
[Result "1/2-1/2"]
[WhiteElo "2254"]
[BlackElo "2358"]

1.e4 c5 2.Nf3 Nc6 3.Bb5 g6 4.O-O Bg7 5.Re1 Nf6 6.c3 O-O 7.e5 Nd5 8.d4 cxd4
9.cxd4 d6 10.Nc3 Nxc3 11.bxc3 Bg4 12.exd6 Qxd6 13.h3 Bxf3 14.Qxf3 a6 15.Bxc6 bxc6
16.Bf4 Qd7 17.Rab1 e6 18.Rb6 Rfc8 19.Reb1 Qd5 20.Qe2 c5 21.Be5 Bxe5 22.dxe5 Rd8
23.c4 Qd2 24.Qxd2 Rxd2 25.Rc6 Rxa2 26.Rxc5 Rd8 27.Rf1 Rdd2 28.Rc8+ Kg7 29.c5 Rac2
30.c6 Rd5 31.c7 Rxe5 32.Ra8 Rxc7 33.Rxa6 Rc2 34.Raa1 h5 35.Rac1 Ra2 36.Ra1 Ree2
37.Rxa2 Rxa2 38.Rb1 Kf6 39.g3 Re2 40.Kg2 Ra2 41.Rb7 e5 42.Rb6+ Kf5 43.Rb7 f6
44.Re7 Ra4 45.Re8 Kg5 46.Re7 h4 47.g4 e4 48.Re6 f5 49.gxf5 gxf5 50.Re8 f4
51.Rg8+ Kf5 52.Rg4 f3+ 53.Kg1 Ke5  1/2-1/2

[Event "TCh-CHN Men"]
[Site "Suzhou, Jiangsu CHN"]
[Date "2001.03.28"]
[Round "3"]
[White "Yu Shaoteng"]
[Black "Du Shan"]
[Result "1/2-1/2"]
[WhiteElo "2493"]
[BlackElo "2346"]

1.e4 c5 2.Nf3 Nc6 3.Bb5 g6 4.Bxc6 dxc6 5.d3 Bg7 6.h3 b6 7.O-O e5 8.Nbd2 Nh6
9.Nc4 f6 10.Be3 Nf7 11.a3 O-O 12.b4 cxb4 13.axb4 Be6 14.Nfd2 f5 15.f3 f4
16.Bf2 g5 17.Ra6 Qe7 18.Qa1 Qb7 19.Rb1 h5 20.Ra3 g4 21.hxg4 hxg4 22.fxg4 Bxg4
23.Bh4 Rfe8 24.Bf2 b5 25.Na5 Qd7 26.Nab3 Qd6 27.Rxa7 Rxa7 28.Qxa7 Qxb4 29.Qc5 Qxc5
30.Bxc5 Ra8 31.Ra1 Rxa1+ 32.Nxa1 Nd8 33.Nf3 Nb7 34.Bb6 Kf7 35.Nb3 Bh5 36.Kf2 Ke7
37.Nc5  1/2-1/2

[Event "TCh-CHN Men"]
[Site "Suzhou, Jiangsu CHN"]
[Date "2001.03.31"]
[Round "6"]
[White "Zhao Jun"]
[Black "Wu Wenjin"]
[Result "1/2-1/2"]
[WhiteElo "2396"]
[BlackElo "2570"]

1.e4 c5 2.Nf3 Nc6 3.Bb5 e6 4.O-O Nge7 5.Re1 a6 6.Bf1 d5 7.exd5 Qxd5 8.a4 Qd8
9.Na3 g6 10.Nc4 Bg7 11.d3 b6 12.Bf4 O-O 13.Qc1 Nf5 14.Ng5 e5 15.Bd2 Nd6 16.Nxd6 Qxd6
17.Ne4 Qd7 18.Bh6 Bb7 19.Bxg7 Kxg7 20.a5 f5 21.Nd2 Nxa5 22.Rxe5 Rae8 23.Rxe8 Rxe8
24.b4 Nc6 25.bxc5 bxc5 26.Qb2+ Kh6 27.Nb3 Qd6 28.Nxc5 Qxc5 29.Qxb7 Nd4 30.Qxa6  1/2-1/2

[Event "TCh-CHN Women"]
[Site "Suzhou, Jiangsu CHN"]
[Date "2001.03.31"]
[Round "6"]
[White "Xu Yuhua"]
[Black "Wang Lei"]
[Result "1/2-1/2"]
[WhiteElo "2500"]
[BlackElo "2473"]

1.e4 c5 2.Nf3 Nc6 3.Bb5 d6 4.O-O Bd7 5.Re1 Nf6 6.c3 a6 7.Bf1 Bg4 8.d3 e6
9.Nbd2 Be7 10.h3 Bh5 11.g4 Bg6 12.Nh4 Nd7 13.Nxg6 hxg6 14.Nf3 Nde5 15.Be3 Nxf3+
16.Qxf3 e5 17.Qd1 Bg5 18.Bg2 Bxe3 19.fxe3 Qd7 20.d4 cxd4 21.exd4 Qc7 22.Re2 O-O
23.Rd2 Rad8 24.h4 g5 25.h5 Rfe8 26.Qf3 f6 27.Qf1 Ne7 28.Re1 Kf7 29.Bf3 Ng8
30.Bd1 Nh6 31.Qf3 Kf8 32.Bb3 Qc8 33.Rg2 d5 34.Bxd5 exd4 35.c4 Qc5 36.Rf1 b6
37.Kh1 a5 38.Rd2 Nf7 39.Qf5 Re5 40.Qg6 Rexd5 41.cxd5 Qc4 42.Rdf2 Qd3 43.h6 Qh3+
44.Kg1 Qg3+ 45.Kh1 Qh3+ 46.Kg1 Qg3+  1/2-1/2

[Event "TCh-CHN Women"]
[Site "Suzhou, Jiangsu CHN"]
[Date "2001.04.02"]
[Round "7"]
[White "Zhao Lan"]
[Black "Xu Tong"]
[Result "1/2-1/2"]
[WhiteElo "2200"]
[BlackElo "2119"]

1.e4 c5 2.Nf3 Nc6 3.Bb5 g6 4.O-O Bg7 5.c3 Nf6 6.Re1 O-O 7.e5 Nd5 8.d4 cxd4
9.cxd4 d6 10.h3 Nc7 11.Bxc6 bxc6 12.Qc2 Bb7 13.Bg5 Ne6 14.Nbd2 Re8 15.Ne4 Nxg5
16.Nexg5 h6 17.Nxf7 Kxf7 18.Qb3+ d5 19.Qxb7 Qb6 20.Qxb6 axb6 21.Rec1 Rec8
22.b4 e6 23.a4 Bf8 24.Rcb1 Ra7 25.Ra2 Rca8 26.Rc2 Rc8 27.a5 bxa5 28.bxa5 Rxa5
29.Rb7+ Be7 30.Nh4 g5 31.Ng6 Kxg6 32.Rxe7 Kf5 33.f3 Ra4 34.Rf7+ Kg6 35.Rf6+ Kg7
36.Rxe6 Rxd4 37.Rcxc6 Rxc6 38.Rxc6 Rd2 39.Kf1 d4 40.g3 d3 41.Rd6 Re2 42.Rxd3 Rxe5
43.Rd6 Re3 44.Kf2 Ra3 45.h4 Ra4 46.h5 Rb4 47.Ke3 Ra4 48.Rd7+ Kg8 49.Rd4 Ra7
50.Ke4 Kg7 51.Rd5 Re7+ 52.Kf5 Rf7+ 53.Kg4 Ra7 54.Rd6 Rf7 55.f4 gxf4 56.gxf4 Ra7
57.Re6 Rf7 58.Rg6+ Kh7 59.Ra6 Kg7 60.Rg6+ Kh7 61.Rd6 Kg7 62.Re6 Ra7 63.Kf5 Rf7+
64.Ke5 Ra7 65.Rg6+ Kh7 66.Rd6 Kg7 67.f5 Re7+ 68.Re6 Ra7 69.Rg6+ Kh7 70.Rd6 Kg7
71.Ke6 Rf7 72.Rd8 Rf6+ 73.Ke5 Rf7 74.Re8 Ra7 75.Rd8 Rb7 76.Rd6 Re7+ 77.Re6 Ra7
78.Rg6+ Kh7 79.Rd6 Kg7 80.Ke6 Rf7 81.Rd4 Rf6+ 82.Ke5 Ra6 83.Rd7+ Kg8 84.f6 Ra1
85.Rg7+ Kf8 86.Rh7 Re1+ 87.Kf5 Rf1+ 88.Kg6 Rg1+ 89.Kxh6 Rg2 90.Ra7 Rg1 91.Kh7 Rg2
92.h6 Rg1 93.Rg7 Rf1 94.Rg8+ Kf7 95.Rg6 Rf2 96.Rg7+ Kxf6 97.Kg8 Ra2 98.Kh8 Ra8+
99.Rg8 Ra1 100.Rf8+ Kg6 101.h7 Rh1 102.Rg8+ Kf7 103.Rg2 Rf1 104.Ra2 Rf3 105.Ra7+ Kf8  1/2-1/2

[Event "It"]
[Site "Antalya TUR"]
[Date "2001.04.03"]
[Round "2"]
[White "Georgiev,Kr"]
[Black "Atakisi,U"]
[Result "1-0"]
[WhiteElo "2510"]
[BlackElo "2337"]

1.e4 c5 2.Nf3 Nc6 3.Bb5 d6 4.O-O Bd7 5.Re1 Nf6 6.c4 g6 7.Nc3 Bg7 8.Bxc6 Bxc6
9.d4 cxd4 10.Nxd4 Rc8 11.b3 O-O 12.Bb2 a6 13.Qd3 Nd7 14.Rad1 Qa5 15.Qg3 Kh8
16.Nd5 e5 17.Bc3 Qd8 18.Nf3 f5 19.Bb4 fxe4 20.Ng5 Bxd5 21.Rxd5 Rf5 22.Nxe4 Qb6
23.Bxd6 Re8 24.Qe3 Qc6 25.Ng3 Rf7 26.Rd2 Re6 27.Ne4 Kg8 28.Ba3 b5 29.cxb5 axb5
30.Red1 Nf8 31.Rd8 Rf4 32.f3 Qa6 33.Bb4 Qxa2 34.Rc8 Qa6 35.Rdd8 Rc6 36.Ra8 Qb6
37.Qxb6 Rxb6 38.Rdc8 h6 39.Kf2 g5 40.g3 Rf7 41.Ke3 Rg6 42.Nd6  1-0

[Event "ch-CUB"]
[Site "Las Tunas CUB"]
[Date "2001.04.04"]
[Round "4"]
[White "Vazquez,R"]
[Black "Almeida,O"]
[Result "1/2-1/2"]
[WhiteElo "2393"]
[BlackElo "2426"]

1.e4 c5 2.Nf3 Nc6 3.Bb5 e6 4.Bxc6 bxc6 5.b3 d5 6.Qe2 a5 7.Nc3 Ba6 8.d3 c4
9.bxc4 Bb4 10.Bd2 dxc4 11.d4 c5 12.a3 Bxc3 13.Bxc3 cxd4 14.Nxd4 Nf6 15.O-O O-O
16.a4 Qc7 17.f3 Qc5 18.Qf2 Rab8 19.Rfd1 Rfc8 20.Ne2 Qc7 21.Qg3 Qe7 22.Rd7 Qxd7
23.Bxf6 g6 24.Qf4 Qc7 25.Be5 Qd8 26.Nc3 Rb6 27.Rd1 Qe7 28.Bf6 Qf8 29.h4 Rbc6
30.Rd7 Rc5 31.Bd4 Qe8 32.Nd5 Rxd5 33.exd5 Qxd7 34.Qe5 f6 35.Qxf6 Rf8 36.Qh8+ Kf7
37.Qxh7+ Ke8 38.Qxg6+ Qf7 39.Qg3  1/2-1/2

[Event "TCh-CHN Men"]
[Site "Suzhou, Jiangsu CHN"]
[Date "2001.04.04"]
[Round "9"]
[White "Zhou Weiqi"]
[Black "Wang Jiaquan"]
[Result "1/2-1/2"]
[WhiteElo "2313"]
[BlackElo "2244"]

1.e4 c5 2.Nf3 Nc6 3.Bb5 g6 4.Bxc6 dxc6 5.d3 Bg7 6.h3 Nf6 7.Nc3 b5 8.a3 Nd7
9.Be3 O-O 10.O-O e5 11.Qd2 Qe7 12.Bh6 Rd8 13.Bxg7 Kxg7 14.Ne2 Nf8 15.b4 f6
16.Nh2 Ne6 17.Ng4 Nd4 18.Qh6+ Kg8 19.Nxd4 cxd4 20.f4 Bxg4 21.hxg4 a5 22.bxa5 Rxa5
23.Rf3 Rf8 24.Raf1 Raa8 25.Qh3 Kg7 26.Qh2 Rae8 27.Qg3 Rf7 28.fxe5 Qxe5 29.Qf2 h6
30.Rf4 Rd8 31.Qd2 h5 32.gxh5 Qxh5 33.R4f3 Rh8 34.Rh3 Qg4 35.Rxh8 Kxh8 36.Qb4 Qd7
37.Rf3 Kg7 38.Qc5 Re7 39.Qb6 Re5 40.Qb8 Rg5 41.Qf4 Qe7 42.Qb8 Rh5 43.Qc8 Qd6
44.Qb7+ Kg8 45.Qc8+ Kg7 46.Qb7+ Kg8 47.Qc8+ Kg7  1/2-1/2

[Event "TCh-CHN Men"]
[Site "Suzhou, Jiangsu CHN"]
[Date "2001.04.04"]
[Round "9"]
[White "Du Shan"]
[Black "Hong Jiarong"]
[Result "1/2-1/2"]
[WhiteElo "2346"]
[BlackElo "2130"]

1.e4 c5 2.Nf3 Nc6 3.Bb5 g6 4.O-O Nf6 5.Re1 Bg7 6.c3 a6 7.Bf1 e5 8.d4 cxd4
9.cxd4 exd4 10.Nxd4 O-O 11.e5 Nxd4 12.Qxd4 Ne8 13.Nc3 d6 14.Bf4 Be6 15.Qe3 dxe5
16.Bxe5 Bxe5 17.Qxe5 Qc7 18.Qg5 Qd8 19.Qe3 Nf6 20.Rad1 Qc7 21.Qd4 Ng4 22.g3 Rad8
23.Qb4 Ne5 24.Qe4 Rxd1 25.Rxd1 Re8 26.Qf4 Re7 27.Bg2 Nc4 28.Qh6 Rd7 29.Rxd7 Bxd7
30.Ne4 Qe5 31.Ng5 Nd6 32.Qxh7+ Kf8 33.Qh6+ Kg8 34.Qh7+ Kf8 35.Qh6+ Kg8 36.h4 Qxb2
37.Nh3 Bxh3 38.Bxh3 Qxa2 39.h5 Qb1+ 40.Kh2 Qe4 41.Qd2 Qe5 42.hxg6 fxg6 43.f4 Qf6
44.Qd5+ Kg7 45.Be6 Nf7 46.Qd7 Kf8 47.Qc8+ Nd8 48.Bd5 b5 49.Qc7 Qh8+ 50.Kg2 Qf6
51.Kh2 Ke8 52.Qc5 Qe7 53.Qd4 Qd6 54.Qh8+ Kd7 55.Qg7+ Kc8 56.Be4 Qd2+ 57.Kh3 Qd7+
58.Qxd7+ Kxd7 59.Kg2 g5 60.fxg5 Ne6 61.g6 Ke7 62.Kf2 Nc5 63.Bb1 a5 64.Ke3  1/2-1/2

[Event "Grand Prix du Senat"]
[Site "Paris FRA"]
[Date "2001.04.05"]
[Round "1.1"]
[White "Fressinet,L"]
[Black "Lautier,J"]
[Result "1/2-1/2"]
[WhiteElo "2575"]
[BlackElo "2658"]

1.e4 c5 2.Nf3 Nc6 3.Bb5 Nf6 4.Nc3 g6 5.h3 Bg7 6.O-O Qc7 7.Re1 e5 8.d3 O-O
9.Bc4 d6 10.Nd2 Be6 11.Nf1 h6 12.Ne3 Rad8 13.Bd2 Ne7 14.Qe2 Qc8 15.a4 d5
16.exd5 Nfxd5 17.Ncxd5 Nxd5 18.Nxd5 Bxd5 19.Bxd5 Rxd5 20.Bc3 Qc6 21.Qe4 Rc8
22.b3 b6 23.Re2 a6 24.Qf3 Rd6 25.Qxc6 Rdxc6  1/2-1/2

[Event "TCh-CHN Women"]
[Site "Suzhou, Jiangsu CHN"]
[Date "2001.04.05"]
[Round "10"]
[White "Zhao Lan"]
[Black "Wang Lei"]
[Result "0-1"]
[WhiteElo "2200"]
[BlackElo "2473"]

1.e4 c5 2.Nf3 Nc6 3.Bb5 d6 4.O-O Bg4 5.c3 Qb6 6.Ba4 Nf6 7.Re1 Nd7 8.d3 e6
9.Nbd2 Be7 10.h3 Bh5 11.Qb3 Qxb3 12.Bxb3 Nde5 13.Nxe5 dxe5 14.Ba4 O-O-O 15.Nc4 f6
16.Bc2 g5 17.Ne3 Bg6 18.a3 h5 19.b4 Kc7 20.Bb2 a6 21.Rac1 Rd7 22.Red1 Rhd8
23.Kf1 f5 24.exf5 exf5 25.d4 exd4 26.cxd4 cxd4 27.Nxf5 d3 28.Nxe7 Rxe7 29.Ba4 d2
30.Rc5 Bd3+ 31.Kg1 Re1+ 32.Kh2 Be2 33.Rxd2 Rxd2 34.Bc3 Red1 35.Bxd2 Rxd2
36.Bxc6 bxc6 37.Rxg5 Ra2 38.Re5 Bd1 39.Re3 Rxf2 40.Kg3 Rd2 41.Re1 Bb3 42.Kh4 Rxg2
43.Kxh5 Rg3 44.h4 Kb6 45.Re5 Bd1+ 46.Kh6 Rxa3 47.h5 Rh3  0-1

[Event "Dos Hermanas Internet KO"]
[Site "ICC INT"]
[Date "2001.04.06"]
[Round "1.1"]
[White "Psakhis,L"]
[Black "Gonzalez,Re"]
[Result "1/2-1/2"]
[WhiteElo "2598"]
[BlackElo "2423"]

1.e4 c5 2.Nf3 Nc6 3.Bb5 g6 4.Bxc6 dxc6 5.d3 Bg7 6.h3 Nf6 7.Nc3 O-O 8.Be3 b6
9.Qd2 Ne8 10.Bh6 Nc7 11.h4 f6 12.Bxg7 Kxg7 13.h5 g5 14.e5 h6 15.O-O-O Bg4
16.Rde1 Nd5 17.Nh2 Bxh5 18.Nf1 Bg6 19.Ng3 Nxc3 20.Qxc3 Qd4 21.exf6+ exf6
22.Re7+ Rf7 23.Rxf7+ Kxf7 24.Qxd4 cxd4 25.Rxh6 c5 26.Kd2 Re8 27.Ne2 Kg7 28.Rh1 Bf5
29.b3 Re7 30.Ng3 Bg6 31.a4 f5 32.Ne2  1/2-1/2

[Event "TCh-EST"]
[Site "Parnu/Tallinn EST"]
[Date "2001.04.06"]
[Round "?"]
[White "Karner,H"]
[Black "Narva,J"]
[Result "1/2-1/2"]
[WhiteElo "2291"]
[BlackElo "2317"]

1.e4 c5 2.Nf3 Nc6 3.Bb5 g6 4.O-O Bg7 5.d3 Qb6 6.Nc3 Bxc3 7.Bxc6 Bg7 8.Ba4 Nf6
9.h3 O-O 10.e5 Nd5 11.Bb3 Qc6 12.Re1 b5 13.a4 a6 14.axb5 axb5 15.Rxa8 Qxa8
16.Bg5 Re8 17.Qd2 Bb7 18.Bh6 Nc7 19.Nh4 Bd5 20.Bxd5 Qxd5 21.Bxg7 Kxg7 22.c3 Ne6
23.f4 Kh8 24.f5 gxf5 25.Nxf5 f6 26.Nh6 Rf8 27.exf6 Rxf6 28.Ng4 Rg6 29.Re5 Qa8
30.Kh1 d6 31.Rf5 Ng7 32.Rf2 h5 33.Ne3 e5 34.Qe2 Qd8 35.Nf5 Qg5 36.Qe4 Rf6
37.Qa8+ Kh7 38.Ne7 Ne8 39.Qe4+ Kh8 40.Rf5 Rxf5 41.Nxf5 Nf6 42.Qa8+ Kh7 43.Qb7+ Kg6
44.Nxd6 Qc1+ 45.Kh2 Qf4+ 46.Kg1 Qe3+ 47.Kh1 Qc1+ 48.Kh2 Qf4+  1/2-1/2

[Event "Spring Festival"]
[Site "Bucharest ROM"]
[Date "2001.04.07"]
[Round "2"]
[White "Vasiesiu,D"]
[Black "Gavela,D"]
[Result "1-0"]
[WhiteElo "2439"]
[BlackElo "2294"]

1.e4 c5 2.Nf3 Nc6 3.Bb5 Nf6 4.Nc3 g6 5.e5 Ng4 6.Bxc6 dxc6 7.Qe2 Bg7 8.h3 Nh6
9.Ne4 b6 10.d3 O-O 11.Bf4 f6 12.O-O-O Nf5 13.exf6 exf6 14.Rhe1 Nd4 15.Nxd4 Qxd4
16.Qd2 Be6 17.Nd6 Bf7 18.Re4 Qd5 19.c4 Qh5 20.Rde1 Rad8 21.Re7 g5 22.Bg3 Bg6
23.Qe3 a6 24.Qe6+ Kh8 25.Kc2 b5 26.b3 a5 27.Nf5 Bxf5 28.Qxf5 a4 29.Bc7 axb3+
30.axb3 Ra8 31.Kb2 bxc4 32.dxc4 Rfe8 33.g4 Rxe7 34.Rxe7 Qxh3 35.Qd7 Bf8 36.Qxc6 Bxe7
37.Qxa8+ Kg7 38.Qe8 Bf8 39.Qd7+ Kg8 40.Qe6+ Kg7 41.Qd7+ Kg8 42.Qf5 Be7 43.Qe6+ Kf8
44.Bd6 Bxd6 45.Qxf6+ Ke8 46.Qxd6 Qxg4 47.Qe5+ Kf7 48.Qxc5 h5 49.Qd5+ Ke7
50.c5 Qf4 51.Kc3 h4 52.b4 h3 53.Qb7+ Kd8 54.c6 Qc7 55.Qb5 Ke8 56.Qe2+ Kd8
57.Qd3+ Ke8 58.Qe4+ Kd8 59.Qd4+ Ke7 60.Qe3+ Kd6 61.Qxh3 Qxc6+ 62.Kd2 Qa4
63.Qh6+ Kd7 64.Qg7+ Ke6 65.Qg6+ Kd7 66.Qf7+ Kd6 67.Qf6+ Kd7 68.Qf5+ Ke8 69.Qc5 Qa2+
70.Kd3 Qb1+ 71.Kd4 Qb2+ 72.Ke4 Qb1+ 73.Ke5 Kf7 74.b5 Qb2+ 75.Kd5 Kg6 76.b6 Kh5
77.Qd4 Qa2+ 78.Kd6 Qb3 79.Qe3 Qb5 80.Qh3+ Kg6 81.Qe6+ Kh5 82.Kc7 Qc5+ 83.Kd8 Qd4+
84.Ke8 Qa4+ 85.Kf8 Qf4+ 86.Kg7 Qd4+ 87.Qf6 Qe4 88.f3  1-0

[Event "7th Open"]
[Site "Werther GER"]
[Date "2001.04.07"]
[Round "2"]
[White "Glek,I"]
[Black "Schmidt,He"]
[Result "1-0"]
[WhiteElo "2551"]
[BlackElo "2186"]

1.e4 c5 2.Nf3 Nc6 3.Bb5 g6 4.O-O Bg7 5.Re1 Nf6 6.c3 Qb6 7.Na3 O-O 8.h3 a6
9.Bc4 e5 10.d4 cxd4 11.cxd4 d6 12.d5 Ne7 13.Bd3 Ne8 14.Nc4 Qd8 15.a4 f5 16.Qb3 fxe4
17.Bxe4 Nf5 18.Bg5 Bf6 19.Bd2 Nh4 20.Rac1 Bf5 21.Bxf5 gxf5 22.Nxh4 Bxh4 23.g3 Bg5
24.Bxg5 Qxg5 25.Qxb7 Rd8 26.h4 Qg4 27.Qe7 Nf6 28.Nxd6 f4 29.Rxe5 Rd7 30.Rg5+  1-0

[Event "Czech Extra League 2000-1"]
[Site "CZE"]
[Date "2001.04.08"]
[Round "11"]
[White "Manik,M"]
[Black "Zezulkin,J"]
[Result "1/2-1/2"]
[WhiteElo "2385"]
[BlackElo "2530"]

1.e4 c5 2.Nf3 Nc6 3.Bb5 d6 4.O-O Bd7 5.Re1 Nf6 6.h3 e5 7.c3 a6 8.Ba4 b5 9.Bc2 g5
10.d4 cxd4 11.Bxg5 Rg8 12.cxd4 Bxh3 13.gxh3 h6 14.dxe5 dxe5 15.Nc3 hxg5 16.Qxd8+ Rxd8
17.Nd5 Be7 18.a4 g4 19.hxg4 Nxg4 20.Kf1 Bc5 21.axb5 axb5 22.Bd3 Nd4 23.Nxd4 Bxd4
24.Bxb5+ Kf8 25.Red1 Rb8 26.Ra5 Bxb2 27.Bd7  1/2-1/2

[Event "Czech Extra League 2000-1"]
[Site "CZE"]
[Date "2001.04.08"]
[Round "11"]
[White "Drbohlav,F"]
[Black "Vavra,P1"]
[Result "0-1"]
[WhiteElo "2266"]
[BlackElo "2463"]

1.e4 c5 2.Nf3 Nc6 3.Bb5 g6 4.Bxc6 bxc6 5.O-O Bg7 6.Re1 Nh6 7.c3 O-O 8.d4 cxd4
9.cxd4 d6 10.Nc3 f6 11.b3 Qa5 12.Bb2 Qh5 13.Qc2 g5 14.Nd2 Bd7 15.Nf1 f5 16.e5 f4
17.exd6 exd6 18.d5 f3 19.Re7 Rf7 20.Ng3 Qg6 21.Qxg6 hxg6 22.Rxf7 Nxf7 23.Rb1 fxg2
24.Nce2 Bh3 25.Bxg7 Kxg7 26.dxc6 Ne5 27.Nd4 Rc8 28.Rc1 Rf8 29.c7 Kf7 30.Ne4 Ke7
31.Nxg5 Bc8 32.Kxg2 Rf4 33.Nge6 Rg4+ 34.Kh3 Rxd4  0-1

[Event "Osteropen"]
[Site "Essen-Borbeck GER"]
[Date "2001.04.12"]
[Round "3"]
[White "Kuczynski,R"]
[Black "Fiederling,W"]
[Result "1-0"]
[WhiteElo "2509"]
[BlackElo "2203"]

1.e4 c5 2.Nf3 Nc6 3.Bb5 g6 4.Bxc6 dxc6 5.d3 Bg7 6.h3 e5 7.Nc3 Qe7 8.Be3 b6
9.Qd2 Nf6 10.Bh6 O-O 11.Bxg7 Kxg7 12.O-O-O Re8 13.g4 Bd7 14.Rdf1 Rad8 15.Qe3 Bc8
16.Nd2 Ba6 17.f4 exf4 18.Rxf4 Nd7 19.h4 Ne5 20.Nf3 h6 21.Rf1 Rd7 22.Nxe5 Qxe5
23.Qf3 Ree7 24.Ne2 Rc7 25.Kb1 Bc8 26.Ng3 Be6 27.Nf5+ gxf5 28.gxf5 Bxa2+ 29.Kxa2 Qf6
30.Rg4+ Kh8 31.Qf4 Rc8 32.Rfg1 Ree8 33.Rg6  1-0

[Event "Open"]
[Site "Metz FRA"]
[Date "2001.04.12"]
[Round "6"]
[White "Palac,M"]
[Black "Nijboer,F"]
[Result "1-0"]
[WhiteElo "2605"]
[BlackElo "2580"]

1.e4 c5 2.Nf3 Nc6 3.Bb5 e6 4.Bxc6 bxc6 5.d3 Ne7 6.Qe2 Ng6 7.h4 h5 8.e5 Be7
9.Qe4 c4 10.dxc4 Rb8 11.Nbd2 c5 12.b3 Bb7 13.Qe3 f5 14.Bb2 Bc6 15.g3 Qb6
16.O-O-O a5 17.Rhe1 a4 18.Nb1 O-O 19.Qd3 Ra8 20.Ng5 axb3 21.axb3 Qb7 22.Nc3 Ra5
23.Rd2 Rfa8 24.Qe2 Qb4 25.Nb1 Ra1 26.Qd3 R1a2 27.Bc3 Qb7 28.Qe2 Bxg5 29.hxg5 Bf3
30.Qe3 Rc8 31.Bb2 Ra5 32.Nc3 Rca8 33.Rd3 Bc6 34.Qe2 Qb4 35.f4 Be4 36.Rxd7 Ra1+
37.Bxa1 Rxa1+ 38.Kd2 Ra2 39.Rc1 h4 40.Qh5  1-0

[Event "39th Doeberl Cup"]
[Site "Canberra AUS"]
[Date "2001.04.13"]
[Round "2"]
[White "Djuric,S"]
[Black "Jovanovic,Pete"]
[Result "1-0"]
[WhiteElo "2483"]
[BlackElo "2080"]

1.e4 c5 2.Nf3 Nc6 3.Bb5 g6 4.O-O Bg7 5.c3 a6 6.Be2 d5 7.exd5 Qxd5 8.Na3 Nf6
9.Nc4 Qd8 10.a4 Nd7 11.d4 cxd4 12.cxd4 O-O 13.d5 Na5 14.Re1 Nxc4 15.Bxc4 Nf6
16.h3 b6 17.Ra3 Bb7 18.Rd3 Qc7 19.Bb3 Rfd8 20.Ne5 Rf8 21.Bf4 Qc5 22.Rc3  1-0

[Event "Open"]
[Site "Metz FRA"]
[Date "2001.04.13"]
[Round "7"]
[White "Zigura,O"]
[Black "De Lagontrie,J"]
[Result "1-0"]
[WhiteElo "2392"]
[BlackElo "2108"]

1.e4 c5 2.Nf3 Nc6 3.Bb5 g6 4.O-O Bg7 5.Bxc6 dxc6 6.d3 Nf6 7.h3 O-O 8.Re1 h6
9.Nc3 Be6 10.e5 Nh7 11.Ne4 b6 12.Bd2 Qd7 13.Qc1 g5 14.Bc3 Rad8 15.Qe3 Rfe8
16.Ng3 f5 17.Nh5 Bh8 18.h4 f4 19.Qe4 Bf5 20.e6 Qd5 21.Qxd5 Rxd5 22.Bxh8 Kxh8
23.Ne5 Rxe5 24.Rxe5 Bg4 25.Nxf4 gxf4 26.f3 Rg8 27.fxg4 Rxg4 28.Rf5 Nf6 29.Rxf6 exf6
30.e7 Rg8 31.Re1 Re8 32.Kf2 Kg7 33.Kf3 Kf7 34.Kxf4  1-0

[Event "Open"]
[Site "Dubai UAE"]
[Date "2001.04.16"]
[Round "2"]
[White "Safin,S"]
[Black "Shariyazdanov,A"]
[Result "0-1"]
[WhiteElo "2504"]
[BlackElo "2594"]

1.e4 c5 2.Nf3 Nc6 3.Bb5 g6 4.O-O Bg7 5.c3 Nf6 6.Re1 O-O 7.e5 Nd5 8.d4 cxd4
9.cxd4 d6 10.Nc3 Nxc3 11.bxc3 Bg4 12.exd6 Qxd6 13.h3 Bd7 14.a4 Rfe8 15.Ng5 h6
16.Ne4 Qc7 17.Nc5 Rad8 18.Nxd7 Rxd7 19.Qf3 Rc8 20.Bf4 Qd8 21.Rab1 a6 22.Bc4 e6
23.Ba2 Kh7 24.Rb2 Qa5 25.Reb1 Qxa4 26.Bg3 Nd8 27.Bh4 Qa3 28.Bb3 Qa5 29.Rc2 Rdc7
30.Rbc1 b5 31.d5 Qa3 32.c4 exd5 33.Bxd8 Rxd8 34.cxb5 Qxc1+ 35.Rxc1 Rxc1+
36.Kh2 Rc3  0-1